1993 British & Irish Lions in New Zealand - Starting XVs in the 3 tests - Statistics

General Stats
  • This quiz has been taken 94 times
  • The average score is 23 of 39
Answer Stats
Answer % Correct
Ian Jones
89%
Michael Jones
89%
Sean Fitzpatrick
87%
Grant Fox
86%
Gavin Hastings
83%
Robin Brooke
81%
Zinzan Brooke
81%
Olo Brown
77%
John Kirwan
76%
Frank Bunce
73%
Will Carling
72%
Rory Underwood
71%
Jeremy Guscott
70%
Martin Johnson
70%
Walter Little
70%
Ieuan Evans
66%
Rob Andrew
65%
Brian Moore
63%
Craig Dowd
60%
Va'aiga Tuigamala
58%
Dewi Morris
57%
Jason Leonard
53%
Peter Winterbottom
53%
Jamie Joseph
52%
John Timu
51%
Ben Clarke
48%
Eroni Clarke
48%
Jon Preston
47%
Martin Bayfield
47%
Dean Richards
46%
Arran Pene
43%
Scott Gibbs
42%
Ant Strachan
41%
Lee Stensness
41%
Mark Cooksley
40%
Nick Popplewell
33%
Ken Milne
22%
Paul Burnell
14%
Andy Reed
13%
No matching quizzes found
Score Distribution
Percent of People with Each Score
Percentile by Number Answered
Your Score History
You have not taken this quiz